| 000 | 02767 a2200229 4500 | ||
|---|---|---|---|
| 001 | 25537 | ||
| 005 | 20260407155539.0 | ||
| 008 | 260407a2006 arg spa d | ||
| 003 | AR-UNSa-BCEJYS | ||
| 040 |
_aAR-UNSa-BCEJYS _bspa _cAR-UNSa-BCEJYS |
||
| 080 |
_a657.3 _xPresupuestos. Cierre de Cuentas. Balances (Estados Contables) |
||
| 245 | 1 | 0 |
_aExposición, diagnóstico y lectura de la información contable _pResoluciones Técnicas 8,9,11,18 y 21. |
| 020 | _a978-987-03-0845-4 | ||
| 250 | _a2a. ed act. y ampl. | ||
| 264 | 1 |
_aBuenos Aires : _bLa Ley _c2006 |
|
| 300 |
_a2v. (456 ; 482 p.) _c25 cm. |
||
| 505 | _aTomo I :Parte I : Aspectos introductorios : 1. Lineamientos generales - Parte II : Estado de situación patrimonial : 2. Conceptos y estructura básica - 3. Primer ordenamiento : Grado de liquidez y exigibilidad - 4. Segundo ordenamiento : Naturaleza de las partidas - 5. Segundo ordenamiento : Naturaleza de las partidas - Clasificación - 6. Otros criterios de organización de la información - 7. Requerimientos especiales y cuestiones de procedimiento - 8. Consideraciones adicionales para los entes sin fines de lucro - Parte III : Estado de Resultado : 9. Concepto y estructura básica - 10. Primer ordenamiento : Por su actividad y significación - 11. Segundo ordenamiento : Por su función y naturaleza - 12. Evaluación del costo del financiamiento de terceros y estudio de la cobertura en contextos inflacionarios - 13. Impuesto a las ganancias y presión tributaria (incidencia del estado) - 14. Ajuste de resultado de ejercicios anteriores - 15. Información sobre operaciones descontinuadas o en descontinuación - 16. Resultado por acción ordinaria - 17. Consideraciones adicionales en asociaciones civiles y fundaciones - Tomo II : Parte IV: Estado de evolución del patrimonio neto : 18. Concepto y estructura básica - 19. Ajuste de resultados de ejercicios anteriores - 20. Consideraciones adicionales para entes sin fines de lucro - Parte V: Información complementaria :21. Concepto y estructura - 22. Característica esenciales del ente y los estados contables - 23. Unidad de medida - 24. Critrios de medición contable de activos y pasivos - 25. Composición y exposición de los rubros - 26. Requerimiento específicos en particiones societarias Art. 33 ley 19.550 - 27. Situaciones contingentes - 28. Restricciones y compromisos - 29. Modificaciones a la información de ejercicios anteriores - 30. Hechos relacionados con el futuro - 31. Cuestiones diversas. | ||
| 942 | _cBK | ||
| 590 | _aniveau_biblio:m niveau_hierar:0 | ||
| 100 | 1 | _aSenderovich, Pablo David | |
| 856 | 4 | 1 |
_uhttps://biblioeco.unsa.edu.ar/pmb/images/libros/Exposicion, Diagnostico y Lectura de la Informacion Contable.jpg _yImagen de portada _qimage/jpeg |
| 999 |
_c1396 _d1396 |
||